[Event "24th European Women Club Cup 2019"]
[Site "Ulcinj"]
[Date "2019.11.11"]
[Round "2.24"]
[White "Vardi, Shlomit"]
[Black "Blagojevic, Tijana"]
[Result "0-1"]
[WhiteElo "1935"]
[BlackElo "2169"]
[Annotator "NA"]
[PlyCount "86"]
[EventDate "2019.11.10"]
[EventType "team-tourn"]
[EventCountry "MNE"]
[SourceTitle "playchess.com"]
[Source "ChessBase"]
[SourceQuality "1"]
[WhiteTeam "Rishon Lezion"]
[BlackTeam "Jelica PEP"]
[TimeControl "40/5400+30:1800+30"]

1. e4 {[%emt 0:00:00]} c5 {[%emt 0:00:00]} 2. Nc3 {[%emt 0:00:00]} d6 {[%emt 0:00:00]} 3. d4 {[%emt 0:00:00]} cxd4 {[%emt 0:00:00]} 4. Qxd4 {[%emt 0:00:04]} Nc6 {[%emt 0:00:00]} 5. Bb5 {[%emt 0:00:37]} Bd7 {[%emt 0:00:09]} 6. Bxc6 {[%emt 0:00:33]} Bxc6 {[%emt 0:00:06]} 7. Nf3 {[%emt 0:04:48]} h6 {[%emt 0:06:03]} 8. Be3 {[%emt 0:04:08]} e5 {[%emt 0:00:26]} 9. Qd3 {[%emt 0:00:59]} Nf6 {[%emt 0:00:27]} 10. O-O {[%emt 0:03:28]} Be7 {[%emt 0:00:28]} 11. Rad1 {[%emt 0:01:46]} a6 {[%emt 0:04:42]} 12. a4 {[%emt 0:10:23]} O-O {[%emt 0:00:28]} 13. b4 {[%emt 0:11:25]} Rc8 {[%emt 0:09:35]} 14. b5 {[%emt 0:15:45]} Bd7 {[%emt 0:01:26]} 15. Nd5 {[%emt 0:04:44]} Nxd5 {[%emt 0:00:48]} 16. Qxd5 {[%emt 0:00:16]} Qc7 {[%emt 0:04:07]} 17. Rc1 {[%emt 0:06:24]} Be6 {[%emt 0:02:07]} 18. Qd2 {[%emt 0:04:06]} Qc4 {[%emt 0:08:50]} 19. bxa6 {[%emt 0:04:56]} bxa6 {[%emt 0:00:18]} 20. Rfe1 {[%emt 0:00:38]} Kh7 {[%emt 0:01:04]} 21. a5 {[%emt 0:01:17]} f5 {[%emt 0:03:37]} 22. exf5 {[%emt 0:02:32]} Bxf5 {[%emt 0:00:27]} 23. Re2 {[%emt 0:03:38]} Bg4 {[%emt 0:03:24]} 24. Ree1 {[%emt 0:00:24]} Qc6 {[%emt 0:03:24]} 25. Bb6 {[%emt 0:08:25]} Bxf3 {[%emt 0:09:42]} 26. gxf3 {[%emt 0:00:05]} Rxf3 {[%emt 0:00:52]} 27. c4 {[%emt 0:02:34]} Rf4 {[%emt 0:05:08]} 28. Qd5 {[%emt 0:07:10]} Rg4+ {[%emt 0:02:26]} 29. Kf1 {[%emt 0:00:29]} Rxc4 {[%emt 0:02:53]} 30. Rcd1 {[%emt 0:01:16]} Qe8 {[%emt 0:03:35]} 31. Re3 {[%emt 0:01:12]} Qh5 {[%emt 0:02:41]} 32. Qd3+ {[%emt 0:01:07]} Kh8 {[%emt 0:00:24]} 33. h3 {[%emt 0:00:27]} Bg5 {[%emt 0:03:15]} 34. Rg3 {[%emt 0:00:31]} Bf4 {[%emt 0:02:39]} 35. Rg4 {[%emt 0:00:12]} Rc3 {[%emt 0:00:40]} 36. Qg6 {[%emt 0:00:34]} Qxh3+ {[%emt 0:01:16]} 37. Rg2 {[%emt 0:00:18]} Bg5 {[%emt 0:00:33]} 38. Qxd6 {[%emt 0:00:38]} Rc1 {[%emt 0:01:38]} 39. Rxc1 {[%emt 0:00:45]} Rxc1+ {[%emt 0:00:44]} 40. Ke2 {[%emt 0:00:00]} Rc2+ {[%emt 0:00:00]} 41. Kd1 {[%emt 0:00:05]} Rd2+ {[%emt 0:04:43]} 42. Qxd2 {[%emt 0:00:13]} Bxd2 {[%emt 0:00:06]} 43. Rg3 {[%emt 0:00:14]} Qd7 {[%emt 0:00:09]} 0-1

[Event "24th European Women Club Cup 2019"]
[Site "Ulcinj"]
[Date "2019.11.11"]
[Round "2.25"]
[White "Salimova, Nurgyul"]
[Black "Len, Irina"]
[Result "1-0"]
[WhiteElo "2370"]
[BlackElo "2036"]
[Annotator "TA"]
[PlyCount "39"]
[EventDate "2019.11.10"]
[EventType "team-tourn"]
[EventCountry "MNE"]
[SourceTitle "playchess.com"]
[Source "ChessBase"]
[SourceQuality "1"]
[WhiteTeam "Asseco SEE"]
[BlackTeam "Hertzeliya"]

{[%evp 9,39,-5,36,36,38,51,97,93,190,150,168,157,168,41,150,158,153,110,485,460,666,374,581,556,984,997,1036,666,1152,1093,1020,614]} 1. Nf3 f5 2. d3 d6 3. e4 e5 4. exf5 (4. Nc3 Be7 5. d4 fxe4 6. Nxe4 d5 7. Neg5 exd4 8. Bd3 Qd6 9. Nxd4 c5 10. Nb5 Qe5+ 11. Be3 Na6 12. O-O {1-0 (36) Svidler,P (2751)-Bu,X (2710) Tbilisi 2017}) 4... Bxf5 5. Nc3 Nf6 6. d4 {A04: Unusual lines after 1 Nf3 and King's Indian Attack} e4 7. Nh4 Bg4 8. Be2 {White is better.} Bd7 (8... Bxe2 $16 9. Qxe2 Nc6) 9. Bh5+ g6 $146 {[#]} ({Predecessor:} 9... Ke7 10. Bg5 g6 11. Nd5+ Kf7 12. Bxf6 Be7 13. Bxe7 {1-0 (41) Romero Berruezo,F (2161)-Alcaraz Martinez,F (2009) Almansa 2011}) 10. Nxg6 $1 {[%mdl 512]} hxg6 11. Bxg6+ {[%mdl 64] Double Attack} Ke7 12. Bg5 ({But not} 12. Nxe4 Bh6 $11) 12... Bg7 13. Qd2 $40 {[%mdl 128] Black must now prevent Nd5+. White wants a kill.} c6 $2 {[%mdl 8192]} (13... Be8 $16 {is tougher.} 14. Bxe4 Nc6) 14. Nxe4 $18 Be6 (14... Na6 $142 15. Qf4 {[%mdl 64] Double Attack} Qf8 16. Qxd6+ Kd8) 15. O-O Rf8 (15... Kd7 {is a better defense.} 16. Qf4 {[%mdl 64] Double Attack} Qe7 17. Nxf6+ Bxf6) 16. Rae1 {White is clearly winning.} Na6 {[#]} 17. c4 $1 {[%mdl 512]} Kd7 {[#]} (17... Bxc4 18. Nc5+) 18. d5 $1 {[%mdl 512]} Bg8 (18... cxd5 19. cxd5) 19. Bf5+ Kc7 20. Qa5+ {Accuracy: White = 89%, Black = 24%.} 1-0

[Event "24th European Women Club Cup 2019"]
[Site "Ulcinj"]
[Date "2019.11.11"]
[Round "2.26"]
[White "Haitovich, Avital"]
[Black "Krasteva, Beloslava"]
[Result "0-1"]
[WhiteElo "1998"]
[BlackElo "2261"]
[Annotator "TA"]
[PlyCount "72"]
[EventDate "2019.11.10"]
[EventType "team-tourn"]
[EventCountry "MNE"]
[SourceTitle "playchess.com"]
[Source "ChessBase"]
[SourceQuality "1"]
[WhiteTeam "Hertzeliya"]
[BlackTeam "Asseco SEE"]

{[%evp 12,80,16,7,18,7,15,2,6,11,41,40,53,35,32,25,26,25,33,19,35,24,25,-37,-44,-43,-36,-46,-39,-58,-40,-47,-43,-193,-184,-187,-179,-188,-191,-217,-166,-287,-283,-383,-312,-315,-321,-705,-722,-721,-716,-798,-789,-782,-773,-978,-954,-12827,-751,-818,-970,-958,-869,-912,-445,-809,-775,-789,-760,-696,-606]} 1. e4 c5 2. Nf3 d6 3. Bb5+ Nd7 4. c3 Ngf6 5. Qe2 a6 6. Ba4 e6 7. O-O b5 {B51: Sicilian: Moscow Variation (3 Bb5+) without 3...Bd7} 8. Bc2 c4 9. b3 Qc7 {The position is equal.} 10. a4 $146 ({Predecessor:} 10. Na3 Nb6 11. d4 d5 12. exd5 Nfxd5 13. bxc4 bxc4 {1-0 (33) Baramidze,D (2615)-Volokitin,A (2722) Austria 2013}) 10... Bb7 (10... cxb3 {feels hotter.} 11. Bxb3 Nc5 12. Bc2 Nxa4 13. Bxa4 bxa4 14. c4 Be7) 11. axb5 axb5 12. Rxa8+ Bxa8 13. Na3 cxb3 14. Nxb5 Qb6 15. Bxb3 Nxe4 16. Bc2 d5 17. Bxe4 (17. c4 $11) 17... dxe4 $15 18. Nfd4 Bc5 19. Ba3 O-O 20. h3 Rb8 {Hoping for ...e5.} 21. Bxc5 Qxc5 22. Rb1 ({White should try} 22. Ra1 $15) 22... Bd5 $19 23. Rb4 {[#]} Ne5 $1 {[%cal Re5d3] aiming for ...Nd3.} 24. Nb3 Qe7 {White must now prevent ...Nd3.} 25. N3d4 Nd3 26. Ra4 (26. Rb1 $142) 26... Qc5 27. Ra1 Rxb5 28. Nxb5 Qxb5 29. f3 $2 (29. Qf1) 29... exf3 {Black is clearly winning.} 30. gxf3 h6 31. Qe3 Bc6 32. Kh2 Qf5 {Strongly threatening ...Nf4.} 33. Rg1 Ne5 34. f4 Ng6 (34... Nf3+ $142 35. Kg2 Qg6+ 36. Kf1 Qb1+ 37. Kg2 Nxg1+ 38. Kf2 Nf3) 35. Rf1 Qd5 {[%csl Gc6][%cal Rd5g2]} 36. Qf2 {[#]} Qd3 {Played: Ng6xf4} 0-1

[Event "24th European Women Club Cup 2019"]
[Site "Ulcinj"]
[Date "2019.11.11"]
[Round "2.27"]
[White "Djukic, Sandra"]
[Black "Yakovleva, Tatiana"]
[Result "1-0"]
[WhiteElo "2148"]
[BlackElo "1942"]
[Annotator "TA"]
[PlyCount "47"]
[EventDate "2019.11.10"]
[EventType "team-tourn"]
[EventCountry "MNE"]
[SourceTitle "playchess.com"]
[Source "ChessBase"]
[SourceQuality "1"]
[WhiteTeam "Asseco SEE"]
[BlackTeam "Hertzeliya"]

{[%evp 13,91,24,35,5,54,50,52,57,77,48,77,68,88,92,99,66,71,69,77,74,74,74,74,77,83,74,73,66,113,94,148,145,618,618,612,587,508,267,270,273,275,268,267,257,294,152,268,156,152,150,163,155,164,155,140,146,146,45,45,44,74,67,61,47,77,0,15,12,266,82,289,108,106,106,393,398,401,376,1309,1251]} 1. d4 Nf6 2. c4 e6 3. Nc3 d5 4. Bg5 Be7 5. e3 h6 6. Bf4 c6 7. Nf3 O-O 8. Qc2 {D55: Queen's Gambit Declined: 4 Bg5 Be7: Lines without ...h6 and 6...h6 7 Bxf6} dxc4 (8... b6 9. Bd3 Bb7 10. cxd5 exd5 11. g4 c5 12. h4 Nc6 13. g5 Nb4 14. Qe2 Nxd3+ 15. Qxd3 Nh5 {0-1 (39) Kavutskiy,K (2344)-Colas,J (2347) Saint Louis 2016}) 9. Bxc4 Nd5 10. Bg3 {White is slightly better.} Nb4 $146 ({Predecessor:} 10... Nd7 11. O-O N7f6 12. e4 Nxc3 13. bxc3 Nh5 14. e5 Nxg3 15. hxg3 b6 16. Qe4 Qc7 17. Bd3 g6 18. Qf4 Kg7 19. a4 Bb7 {½-½ (57) Dragaberg,R (1846)-Jacobsen,E Faroe Islands 2016}) 11. Qe2 Nd7 12. O-O a5 13. a3 Nd5 14. a4 Nb4 15. Rfd1 Nb6 16. Bb3 N6d5 17. e4 Nf6 18. Ne5 b6 19. Rac1 Bb7 20. Rd2 Bd6 21. f4 Bc7 (21... Ba6 $142 22. Qf3 Nd7) 22. Bh4 $1 $16 Qb8 $2 {[%mdl 8192]} (22... Bd6 $16) 23. Bxf6 $18 gxf6 24. Qg4+ {Played: Ne5-d7} 1-0

[Event "24th European Women Club Cup 2019"]
[Site "Ulcinj"]
[Date "2019.11.11"]
[Round "2.28"]
[White "Lian, Marina"]
[Black "Bukhteeva, Viktoria"]
[Result "0-1"]
[WhiteElo "1855"]
[BlackElo "2110"]
[Annotator "TA"]
[PlyCount "84"]
[EventDate "2019.11.10"]
[EventType "team-tourn"]
[EventCountry "MNE"]
[SourceTitle "playchess.com"]
[Source "ChessBase"]
[SourceQuality "1"]
[WhiteTeam "Hertzeliya"]
[BlackTeam "Asseco SEE"]

{[%evp 12,98,52,27,33,14,21,18,29,25,22,31,55,6,39,36,57,52,55,43,66,67,43,56,50,50,62,59,59,44,43,45,49,39,33,31,43,22,43,19,32,0,16,0,19,20,33,0,33,18,16,8,41,32,48,46,57,52,48,15,12,0,0,0,0,0,0,0,101,0,18,-169,-162,-812,-37,-1484,-1484,-2419,-1870,-29987,-29988,-29990,-29991,-29993,-29991,-29999,-29996,-29999,-29999]} 1. e4 d5 2. exd5 Nf6 3. d4 Nxd5 4. Nf3 Bg4 5. Be2 e6 6. O-O Be7 7. Nbd2 Nf4 {B01: Scandinavian Defence} (7... O-O 8. Nc4 Nd7 9. Nce5 Nxe5 10. Nxe5 Bxe2 11. Qxe2 c5 12. dxc5 Bxc5 13. c4 Nf6 14. Bg5 Be7 15. Rfd1 Qa5 16. a3 Rfd8 17. h3 Rxd1+ 18. Rxd1 Rd8 {½-½ (18) Beres,T (1720)-Petrek,D (1720) Liptovsky Mikulas 2018}) 8. Bb5+ $146 ({Predecessor:} 8. Nb3 Nxe2+ 9. Qxe2 O-O 10. h3 Bxf3 11. Qxf3 Qd5 12. Qxd5 exd5 13. Bf4 Na6 14. Rfe1 Bf6 15. Re2 {½-½ (42) Mach,P (1290)-Vojta,J (1328) Kouty nad Desnou 2014}) 8... c6 9. Bc4 O-O {The position is equal.} 10. c3 Qc7 11. Ne4 c5 12. h3 ({Reject} 12. dxc5 Rd8 $11) 12... Bh5 13. Ng3 {And now Bxf4 would win.} ({Much worse is} 13. dxc5 Rd8 $15) 13... Bg6 14. Ne5 Nd5 15. Bxd5 exd5 16. Nxg6 hxg6 17. dxc5 Qxc5 18. Qb3 Qc6 19. Rd1 Rd8 20. Ne2 Na6 21. Nd4 Qc7 22. Be3 Nc5 23. Qc2 a6 24. Qe2 Ne4 25. Qg4 Rac8 26. Bf4 Qb6 27. Qe2 Bf6 28. Be3 Qc7 29. Qg4 Qe7 30. Re1 Qc7 31. h4 Be7 32. g3 Nf6 33. Qf3 Qd7 34. Rad1 Re8 35. Ne2 Qb5 36. Rd2 Ne4 $36 {[%mdl 2048] Black has good play.} 37. Rc2 Qa4 38. b3 Qd7 39. Rd1 {Black must now prevent Qxe4!} Nf6 {[#]} (39... Qe6 $11 {keeps the balance.}) 40. Nf4 (40. Bg5 $1 $16) 40... Qf5 $11 41. Rdc1 $2 (41. Rd3 $11 {and White has nothing to worry.}) 41... Ba3 $19 42. Rb1 $2 (42. Kg2) 42... Qxc2 {Played: Rc8xc3} 0-1

[Event "24th European Women Club Cup 2019"]
[Site "Ulcinj"]
[Date "2019.11.12"]
[Round "3.1"]
[White "Koneru, Humpy"]
[Black "Muzychuk, Mariya"]
[Result "1/2-1/2"]
[WhiteElo "2577"]
[BlackElo "2552"]
[Annotator "TA"]
[PlyCount "70"]
[EventDate "2019.11.10"]
[EventType "team-tourn"]
[EventCountry "MNE"]
[SourceTitle "playchess.com"]
[Source "ChessBase"]
[SourceQuality "1"]
[WhiteTeam "Cercle d`Echecs"]
[BlackTeam "Kyiv"]

{[%evp 18,70,8,10,7,6,14,20,12,5,10,17,17,19,33,0,20,5,32,28,41,23,25,15,12,-17,-16,-11,0,0,58,0,0,0,0,0,0,0,0,0,0,0,0,0,0,0,0,0,0,0,0,0,0,0,0]} 1. d4 Nf6 2. c4 g6 3. g3 c6 4. Bg2 d5 5. cxd5 cxd5 6. Nc3 Bg7 7. Nf3 O-O 8. Ne5 Bf5 9. O-O Ne4 10. Bf4 Nxc3 {D79: Fianchetto Grünfeld: Symmetrical Variation (6 0-0 c6 7 cxd5 cxd5)} 11. bxc3 Nc6 12. Nxc6 bxc6 13. Qa4 Qd7 14. Rac1 Rac8 15. Rfd1 Rfd8 {[#]} 16. Qa3 $146 ({Predecessor:} 16. c4 Be4 17. f3 Bf5 18. cxd5 cxd5 19. Qxd7 Bxd7 20. Bc7 Re8 21. e3 Bb5 22. Bf1 a6 {½-½ (22) Leko,P (2679)-Mamedyarov,S (2817) Germany 2019}) 16... Re8 17. Rd2 e5 18. dxe5 Bxe5 19. Bxe5 Rxe5 20. Qc5 h5 21. c4 dxc4 22. Qb4 c5 23. Qc3 Qe6 ({Better is} 23... Qe7 $11) 24. Qxc4 (24. e4 $14 Bxe4 25. Re1 Bxg2 26. Rxe5) 24... Qxc4 $11 {The position is equal.} 25. Rxc4 Be6 26. Rc3 {[#] Strongly threatening f4.} c4 27. f4 Rb5 28. e4 Rcb8 29. Bf1 Rb2 30. Rxb2 Rxb2 31. Bxc4 Bxc4 32. Rxc4 Rxa2 {KR-KR} 33. Rc8+ Kg7 34. e5 a5 35. h4 a4 {Accuracy: White = 71%, Black = 66%.} 1/2-1/2

[Event "24th European Women Club Cup 2019"]
[Site "Ulcinj"]
[Date "2019.11.12"]
[Round "3.2"]
[White "Muzychuk, Anna"]
[Black "Cramling, Pia"]
[Result "1/2-1/2"]
[WhiteElo "2543"]
[BlackElo "2443"]
[Annotator "ChessBase"]
[PlyCount "81"]
[EventDate "2019.11.10"]
[EventType "team-tourn"]
[EventCountry "MNE"]
[SourceTitle "playchess.com"]
[Source "ChessBase"]
[SourceQuality "1"]
[WhiteTeam "Kyiv"]
[BlackTeam "Cercle d`Echecs"]
[TimeControl "40/5400+30:1800+30"]

1. e4 {[%emt 0:00:00]} c5 {[%emt 0:00:00]} 2. Nf3 {[%emt 0:00:00]} d6 {[%emt 0:00:00]} 3. Bb5+ {[%emt 0:00:00]} Bd7 {[%emt 0:00:00]} 4. Bxd7+ {[%emt 0:00:38]} Nxd7 {[%emt 0:00:20]} 5. O-O {[%emt 0:01:01]} Ngf6 {[%emt 0:00:25]} 6. Qe2 {[%emt 0:00:29]} Rc8 {[%emt 0:01:59]} 7. b3 {[%emt 0:02:07]} g6 {[%emt 0:00:39]} 8. Bb2 {[%emt 0:00:48]} Bg7 {[%emt 0:00:13]} 9. d4 {[%emt 0:02:13]} cxd4 {[%emt 0:00:48]} 10. Nxd4 {[%emt 0:00:07]} Nc5 {[%emt 0:04:43]} 11. f3 {[%emt 0:05:09]} Qb6 {[%emt 0:13:04]} 12. Qb5+ {[%emt 0:06:05]} Qxb5 {[%emt 0:02:31]} 13. Nxb5 {[%emt 0:00:01]} a6 {[%emt 0:01:01]} 14. N5a3 {[%emt 0:01:03]} b5 {[%emt 0:10:21]} 15. Nd2 {[%emt 0:02:01]} O-O {[%emt 0:01:20]} 16. Rad1 {[%emt 0:08:10]} Rb8 {[%emt 0:07:57]} 17. Ba1 {[%emt 0:06:03]} Rfc8 {[%emt 0:03:12]} 18. c4 {[%emt 0:01:18]} Nfd7 {[%emt 0:06:37]} 19. Bxg7 {[%emt 0:02:00]} Kxg7 {[%emt 0:00:03]} 20. Nc2 {[%emt 0:03:18]} Ne5 {[%emt 0:01:35]} 21. Ne3 {[%emt 0:04:10]} Kf8 {[%emt 0:00:25]} 22. Rb1 {[%emt 0:02:06]} Ne6 {[%emt 0:11:10]} 23. Rfc1 {[%emt 0:03:43]} Nd4 {[%emt 0:02:22]} 24. Kf1 {[%emt 0:01:48]} b4 {[%emt 0:07:12]} 25. Nc2 {[%emt 0:02:02]} Ne6 {[%emt 0:00:40]} 26. g3 {[%emt 0:04:27]} Nd3 {[%emt 0:02:13]} 27. Rd1 {[%emt 0:00:06]} Ndc5 {[%emt 0:00:24]} 28. Ke2 {[%emt 0:01:28]} a5 {[%emt 0:01:34]} 29. Nf1 {[%emt 0:03:43]} Nd7 {[%emt 0:04:54]} 30. Nfe3 {[%emt 0:01:06]} Rb7 {[%emt 0:01:04]} 31. Nd5 {[%emt 0:02:26]} Ndc5 {[%emt 0:01:06]} 32. Rb2 {[%emt 0:03:27]} Ra8 {[%emt 0:01:42]} 33. Ra1 {[%emt 0:05:31]} Nd8 {[%emt 0:05:54]} 34. Nd4 {[%emt 0:02:44]} e6 {[%emt 0:00:44]} 35. Nf6 {[%emt 0:07:04]} h5 {[%emt 0:00:32]} 36. Nb5 {[%emt 0:00:04]} Rb6 {[%emt 0:01:23]} 37. a3 {[%emt 0:05:07]} bxa3 {[%emt 0:01:16]} 38. Rxa3 {[%emt 0:00:01]} Ke7 {[%emt 0:01:13]} 39. Ng8+ {[%emt 0:00:40]} Kf8 {[%emt 0:00:08]} 40. Nf6 {[%emt 0:00:00]} Ke7 {[%emt 0:00:00]} 41. Ng8+ {[%emt 0:01:54]} 1/2-1/2

[Event "24th European Women Club Cup 2019"]
[Site "Ulcinj"]
[Date "2019.11.12"]
[Round "3.3"]
[White "Socko, Monika"]
[Black "Abdumalik, Zhansaya"]
[Result "1/2-1/2"]
[WhiteElo "2417"]
[BlackElo "2472"]
[Annotator "ChessBase"]
[PlyCount "151"]
[EventDate "2019.11.10"]
[EventType "team-tourn"]
[EventCountry "MNE"]
[SourceTitle "playchess.com"]
[Source "ChessBase"]
[SourceQuality "1"]
[WhiteTeam "Cercle d`Echecs"]
[BlackTeam "Kyiv"]
[TimeControl "40/5400+30:1800+30"]

1. d4 {[%emt 0:00:00]} Nf6 {[%emt 0:00:00]} 2. c4 {[%emt 0:00:00]} g6 {[%emt 0:00:00]} 3. Nf3 {[%emt 0:00:00]} Bg7 {[%emt 0:00:32]} 4. g3 {[%emt 0:00:00]} O-O {[%emt 0:00:58]} 5. Bg2 {[%emt 0:00:00]} c5 {[%emt 0:00:13]} 6. d5 {[%emt 0:00:00]} e6 {[%emt 0:00:39]} 7. dxe6 {[%emt 0:00:05]} dxe6 {[%emt 0:05:00]} 8. Qxd8 {[%emt 0:00:05]} Rxd8 {[%emt 0:00:06]} 9. Nc3 {[%emt 0:00:12]} Nc6 {[%emt 0:01:55]} 10. O-O {[%emt 0:00:05]} Na5 {[%emt 0:06:17]} 11. Ne5 {[%emt 0:00:12]} Ne8 {[%emt 0:11:50]} 12. Bf4 {[%emt 0:00:08]} Bd7 {[%emt 0:11:33]} 13. Nxd7 {[%emt 0:13:52]} Rxd7 {[%emt 0:00:06]} 14. Na4 {[%emt 0:02:22]} Rc8 {[%emt 0:05:28]} 15. Rad1 {[%emt 0:03:33]} Rd4 {[%emt 0:02:03]} 16. Nxc5 {[%emt 0:13:11]} Nxc4 {[%emt 0:08:18]} 17. b4 {[%emt 0:08:44]} b6 {[%emt 0:03:59]} 18. Nb3 {[%emt 0:11:30]} Rxd1 {[%emt 0:00:14]} 19. Rxd1 {[%emt 0:00:02]} Bf6 {[%emt 0:02:47]} 20. Bb7 {[%emt 0:11:12]} Rd8 {[%emt 0:00:10]} 21. Rxd8 {[%emt 0:00:04]} Bxd8 {[%emt 0:00:05]} 22. a4 {[%emt 0:01:17]} a5 {[%emt 0:03:14]} 23. bxa5 {[%emt 0:01:28]} bxa5 {[%emt 0:01:34]} 24. Bc6 {[%emt 0:00:31]} Ned6 {[%emt 0:02:00]} 25. Nd2 {[%emt 0:01:24]} g5 {[%emt 0:01:19]} 26. Nxc4 {[%emt 0:01:34]} Nxc4 {[%emt 0:00:06]} 27. Bc1 {[%emt 0:00:21]} f6 {[%emt 0:02:35]} 28. Kg2 {[%emt 0:01:06]} Kf7 {[%emt 0:00:24]} 29. Bb5 {[%emt 0:00:07]} Nd6 {[%emt 0:00:50]} 30. Bd3 {[%emt 0:00:05]} h6 {[%emt 0:01:51]} 31. f4 {[%emt 0:02:12]} f5 {[%emt 0:09:20]} 32. h3 {[%emt 0:01:06]} Nb7 {[%emt 0:03:54]} 33. Kf3 {[%emt 0:02:10]} Nc5 {[%emt 0:03:50]} 34. Bc2 {[%emt 0:00:06]} Kf6 {[%emt 0:05:23]} 35. Be3 {[%emt 0:07:57]} Bb6 {[%emt 0:00:49]} 36. g4 {[%emt 0:01:52]} Kg6 {[%emt 0:03:21]} 37. Bd2 {[%emt 0:03:49]} Bc7 {[%emt 0:01:10]} 38. e3 {[%emt 0:02:21]} Nd7 {[%emt 0:01:19]} 39. Be1 {[%emt 0:02:07]} h5 {[%emt 0:00:42]} 40. Bd2 {[%emt 0:00:00]} hxg4+ {[%emt 0:00:00]} 41. hxg4 {[%emt 0:05:01]} Nf6 {[%emt 0:05:33]} 42. gxf5+ {[%emt 0:06:13]} exf5 {[%emt 0:00:05]} 43. fxg5 {[%emt 0:02:07]} Kxg5 {[%emt 0:00:38]} 44. e4+ {[%emt 0:01:11]} f4 {[%emt 0:00:16]} 45. e5 {[%emt 0:00:15]} Bxe5 {[%emt 0:01:09]} 46. Bxa5 {[%emt 0:00:07]} Nd7 {[%emt 0:02:40]} 47. Bd2 {[%emt 0:01:35]} Bc7 {[%emt 0:02:12]} 48. Ke4 {[%emt 0:04:19]} Nc5+ {[%emt 0:00:13]} 49. Kd5 {[%emt 0:00:44]} Nxa4 {[%emt 0:00:04]} 50. Bxa4 {[%emt 0:00:03]} Bb8 {[%emt 0:00:27]} 51. Bd7 {[%emt 0:00:30]} Bc7 {[%emt 0:00:56]} 52. Ke4 {[%emt 0:00:15]} Kf6 {[%emt 0:00:18]} 53. Bc3+ {[%emt 0:00:05]} Kg5 {[%emt 0:00:22]} 54. Bc8 {[%emt 0:00:13]} Kg6 {[%emt 0:00:24]} 55. Bb4 {[%emt 0:00:16]} Kf6 {[%emt 0:00:07]} 56. Be1 {[%emt 0:00:12]} Kg5 {[%emt 0:00:10]} 57. Bf2 {[%emt 0:00:04]} Bb8 {[%emt 0:00:31]} 58. Bb6 {[%emt 0:00:05]} Bd6 {[%emt 0:00:36]} 59. Bd8+ {[%emt 0:00:07]} Kg6 {[%emt 0:00:03]} 60. Bg4 {[%emt 0:00:42]} Bb8 {[%emt 0:00:09]} 61. Kd5 {[%emt 0:00:14]} f3 {[%emt 0:00:51]} 62. Bxf3 {[%emt 0:00:10]} Kf5 {[%emt 0:00:03]} 63. Be4+ {[%emt 0:00:21]} Kf4 {[%emt 0:00:08]} 64. Bb6 {[%emt 0:00:06]} Kg3 {[%emt 0:00:21]} 65. Bg6 {[%emt 0:00:33]} Bf4 {[%emt 0:00:09]} 66. Ke4 {[%emt 0:00:05]} Bb8 {[%emt 0:00:08]} 67. Ba5 {[%emt 0:00:10]} Bd6 {[%emt 0:00:08]} 68. Be1+ {[%emt 0:00:06]} Kg2 {[%emt 0:00:16]} 69. Bh5 {[%emt 0:00:08]} Bc7 {[%emt 0:00:28]} 70. Ke3 {[%emt 0:00:18]} Bd6 {[%emt 0:00:07]} 71. Bf3+ {[%emt 0:00:18]} Kh2 {[%emt 0:00:14]} 72. Ke2 {[%emt 0:00:38]} Bc7 {[%emt 0:00:21]} 73. Bf2 {[%emt 0:00:04]} Bd6 {[%emt 0:00:55]} 74. Bg4 {[%emt 0:01:33]} Bc7 {[%emt 0:00:24]} 75. Kf3 {[%emt 0:00:04]} Bd6 {[%emt 0:00:25]} 76. Ke4 1/2-1/2